| 000 | 00420cam a2200181ua 4500 | ||
|---|---|---|---|
| 020 | _c3.00 | ||
| 041 |
_ahin _h |
||
| 082 |
_a891.54 _bBHA/CH |
||
| 100 | _aBhagvatichandran, Varma . | ||
| 245 |
_aChitralekha / _cBagvatichandran Varma. _hTextual Documents |
||
| 250 |
_a1 / _b. |
||
| 260 |
_a : _bBharati Bhandar. |
||
| 300 | _a194 ; . | ||
| 365 | _a3.00 | ||
| 504 | _a | ||
| 942 | _cBK | ||
| 999 |
_c7987 _d7987 |
||